000 00673nam a22002297a 4500
999 _c4589
_d4589
003 AR-CdUCM
008 190311b ||||| |||| 00| 0 spa d
040 _aMUNICIPALIDAD PROVINCIAL DEL CUSCO
_cBIBLIOTECA MUNICIPAL DEL CUSCO
041 _heng
082 _a818.5 /
_bW86
100 _aWoolrich, Cornell
_914333
245 _aCoartada Negra /
260 _aBarcelona :
_bEdic. Acervo,
_c1964.
300 _a235 páginas ;
_c18 cm.
500 _aNovela
650 _aNovela
_95
650 _aEscritores estadounidenses
_911907
650 _aLiteratura
_983
650 _aW. Irish
_914334
700 _aVersión española de José M. Aroca
_914335
942 _2ddc
_cLIBROS